| 000 | 00477nam a2200181Ia 4500 | ||
|---|---|---|---|
| 005 | 20260429112039.0 | ||
| 008 | 260429s9999||||xx |||||||||||||| ||und|| | ||
| 020 | _a9781804895924 | ||
| 041 | _aEnglish | ||
| 082 |
_a514 _bGAR |
||
| 100 | _aGardiner, Juliet | ||
| 245 | 0 |
_aTopology / _cJuliet Gardiner |
|
| 260 |
_aUnited Kingdom : _bBrilliant Publication Ltd. , _c2026. |
||
| 300 | _aviii, 240 p.; hb | ||
| 650 | _a Pure mathematics | ||
| 650 | _aTopology | ||
| 942 | _cTB | ||
| 999 |
_c52069 _d52069 |
||